| 000 | 00612cam a2200229 4500 | ||
|---|---|---|---|
| 008 | 090401t1987 xxu||||| |||| 00| 0 eng d | ||
| 020 | _a0582413966 | ||
| 035 | _a(Sirsi) u31092 | ||
| 041 | _aeng | ||
| 050 | _a690 | ||
| 100 | _aChudley, R. | ||
| 245 | _aConstruction technology. Volume 4. | ||
| 250 | _a2nd ed. | ||
| 260 |
_aHarlow _bLongman _c1987 |
||
| 300 | _avii,292p. : ill. ; 21cm. | ||
| 350 | _a15.5 | ||
| 520 | _aSuperseded by "Advanced construction technology" (ISBN 0582316170). | ||
| 650 | _aCONSTRUCTION TECHNOLOGY | ||
| 690 | _aBUILT ENVIRONMENT | ||
| 942 | _n0 | ||
| 948 | _c04/03/1997 | ||
| 999 |
_c89555 _d89555 |
||